01067 2200301 4500001002100000005001500021035002000036007000300056008004100059336002100100337002300121338003800144040002200182245014300204300003100347020002200378082001500400084001700415264004400432850001200476852002000488856007500508650001900583500006900602100005000671990002200721990002200743INLIS00000000086324020210730101644 a0010-0721001475ta210713s2014 yoi f ind d 2rdacontentateks 2rdamediaakomputer 2rdacarrierasumber sambung jaring aYOPDYOGbinderda1 aBerdamai dengan takdir :b(seni berdamai dengan takdir, cinta, jodoh, rezeki, ujian, dan problematika hidup) /cMiftahur Rahman El-Banjary a1 berkas komputer (4,3 MB) a978-602-02-4990-204223a297.36 a297.36 MIF b31aJakarta :bElex Media Komputindo,c2014 aYOPDYOG8 aaplikasi iJogja40ahttp://ijogja.id/publications/books/13527nPerpustakaan Digital iJogja 4aQada dan qadar aUntuk mengakses buku ini silakan unduh aplikasi http://ijogja.id0 aMiftahur Rahman El-Banjary,d1984-ePengarang a001189-EPD/B.2016 a001190-EPD/B.2016